Velma Barfield (A true story) / (Record no. 6014)

MARC details
000 -LEADER
fixed length control field 00463nam a22001697a 4500
003 - CONTROL NUMBER IDENTIFIER
control field GBCCL
005 - DATE AND TIME OF LATEST TRANSACTION
control field 20241126110554.0
008 - FIXED-LENGTH DATA ELEMENTS--GENERAL INFORMATION
fixed length control field 180420b ||||| |||| 00| 0 eng d
040 ## - CATALOGING SOURCE
Transcribing agency gbc
082 ## - DEWEY DECIMAL CLASSIFICATION NUMBER
Classification number VER 920
Item number BAR
100 ## - MAIN ENTRY--PERSONAL NAME
Personal name Songate, Lalrosiem
9 (RLIN) 10848
245 ## - TITLE STATEMENT
Title Velma Barfield (A true story) /
Statement of responsibility, etc. Lalrosiem Songate
260 ## - PUBLICATION, DISTRIBUTION, ETC.
Name of publisher, distributor, etc. Author,
Place of publication, distribution, etc. Churachandpur:
Date of publication, distribution, etc. 1993
300 ## - PHYSICAL DESCRIPTION
Extent 132 p.;
Dimensions 21 cm.
650 ## - SUBJECT ADDED ENTRY--TOPICAL TERM
Topical term or geographic name entry element Barfield, Velma
General subdivision Biography
9 (RLIN) 10849
942 ## - ADDED ENTRY ELEMENTS (KOHA)
Source of classification or shelving scheme Dewey Decimal Classification
Koha item type Books
Holdings
Withdrawn status Lost status Source of classification or shelving scheme Damaged status Not for loan Home library Current Library Shelving location Date acquired Total checkouts Full call number Barcode Date last seen Copy number Price effective from Koha item type
    Dewey Decimal Classification     GRACE BIBLE COLLEGE GRACE BIBLE COLLEGE Vernacular 2018-04-20   VER 920 BAR 003664 2025-05-01 c.1 2018-04-20 Books
    Dewey Decimal Classification     GRACE BIBLE COLLEGE GRACE BIBLE COLLEGE Vernacular 2018-04-20   VER 920 BAR 003996 2025-05-01 c.3 2018-04-20 Books
    Dewey Decimal Classification     GRACE BIBLE COLLEGE GRACE BIBLE COLLEGE Vernacular 2018-05-15   VER 920 BAR 003666 2025-05-01 c.2 2018-05-15 Books
    Dewey Decimal Classification     GRACE BIBLE COLLEGE GRACE BIBLE COLLEGE Vernacular 2018-08-01   VER 920 BAR 003667 2025-05-01 c.4 2018-08-01 Books
© Grace Bible College Library 2025